Digest of literature on dielectrics : Vol. 35, 1973 /
Salvato in:
| Altri autori: | |
|---|---|
| Natura: | Libro |
| Lingua: | inglese |
| Pubblicazione: |
Washington :
National Academy of Sciences,
1973
|
| Tags: |
Nessun Tag, puoi essere il primo ad aggiungerne!!
|
MARC
| LEADER | 00000nam a22000003a 4500 | ||
|---|---|---|---|
| 001 | stu225949 | ||
| 005 | 20150617225739.5 | ||
| 008 | 110526s1973----xxu-----------------eng-d | ||
| 040 | |a STU |b slo | ||
| 041 | 0 | |a eng | |
| 044 | |a xxu | ||
| 080 | |a 621.315.6 | ||
| 080 | |a 537.226 | ||
| 100 | 1 | |a Budenstein, Paul, P. |4 edt | |
| 245 | 1 | |a Digest of literature on dielectrics : |b Vol. 35, 1973 / |c Ed.: Budenstein, P.P. | |
| 260 | |a Washington : |b National Academy of Sciences, |c 1973 | ||
| 300 | |a 13, 701 s | ||
| 996 | |b E34014 |c E*34014 |l EE05 |s P |a 0 |w stu225949_0001 | ||
| 996 | |b E35371 |c E*35371 |l EE05 |s P |a 0 |w stu225949_0002 | ||